000 01790nam2a2200289 4500
001 RU\NLR\PER_A\003157302_001890
005 20250625171942.0
035 _a(NLR Aleph) 022243558
090 _a13167654
_c13167654
100 _a20240605d2024 |||y0rusy50 ca
101 0 _arus
102 _aRU
200 1 _aВагинальная микробиота и репродуктивное здоровье: грани проблемы
_eрепринт
_fА.А. Хрянин, д.м.н., проф., А.И. Жукова, к.м.н.
210 _d2024
_aБ. м.
215 _a5 с.
_cцв. ил., портр.
_d27
320 _aБиблиогр.: с. 5
461 0 _1001RU\NLR\Per\679088
_12001#$aStatusPraesens$eгинекология, акушерство, бесплодный брак$eнаучно-практический журнал для акушеров-гинекологов и специалистов акушерско-гинекологической службы$v2024, прил. [3] к № 1 (104)
_93067588
_cМосква
_d2009 -
_nМедиабюро Статус презенс
_oгинекология, акушерство, бесплодный брак : научно-практический журнал для акушеров-гинекологов и специалистов акушерско-гинекологической службы
_tStatusPraesens
_x2074-2347
_v2024, прил. [3] к № 1 (104)
606 1 _aВлагалище
_xМикрофлора
_91321236
_3RU\NLR\AUTH\66233116
686 1 _aР264.269
686 1 _aР715-2
700 1 _aХрянин
_bА.А.
_gАлексей Алексеевич
701 1 _aЖукова
_bА.И.
_gАнна Ильинична
852 _aNLR
_jП17/1419
942 _cISSUE
980 _aNB
980 _aRUSPER